| 000 | 00882cam a22002295a 4500 | ||
|---|---|---|---|
| 001 | L158228 | ||
| 008 | 141022s2007 xxk f 000 0 eng d | ||
| 020 | _a9784492555422 | ||
| 035 | _a(Sirsi) u158228 | ||
| 041 | _ajap | ||
| 050 | _a333.33 | ||
| 100 | _aWeatherhead, Marion | ||
| 245 | _aReal estate in corporate strategy. | ||
| 260 |
_aBasingstoke _bPalgrave Macmillan _c2007 |
||
| 300 | _axiv, 356p ; 24cm. | ||
| 520 | _aLooks at the inportance of property for businesses in the UK, its place in corporate strategy, ownership choices, development, management and a number of case studies including Marks & Spencer and Boots. | ||
| 520 | _aTranslated into Japanese and published by arrangement with Palgrave Macmillan through English Agency (Japan) Ltd. | ||
| 651 | 4 | _aENGLAND AND WALES | |
| 690 |
_aCommercial property _96227 |
||
| 942 | _n0 | ||
| 948 | _c04/03/1997 | ||
| 999 |
_c115211 _d115211 |
||